Bilecik Bilecik Bilecik Bilecik Bilecik

Serbest düşüş : (Record no. 43134)

MARC details
000 -BAŞLIK
Sabit Uzunluktaki Kontrol Alanı 01226nam a22003737a 4500
001 - KONTROL NUMARASI
Control Dosyası 0043313
003 - KONTROL NUMARASI KİMLİĞİ
Kontrol Alanı KOHA_MİRAKIL
005 - EN SON İŞLEM TARİHİ ve ZAMANI
Kontrol Alanı 20260207003344.0
007 - FİZİKSEL TANIM SABİT ALAN - GENEL BİLGİ
Sabit uzunluklu kontrol alanı ta
008 - SABİT UZUNLUKTAKİ VERİ ÖGELERİ - GENEL BİLGİ
Sabit Alan 130730b2012 tu |||gr||||#||||0|tur |
020 ## - ISBN - ULUSLARARASI STANDART KİTAP NUMARASI
Isbn 9789944157162
040 ## - KATALOGLAMA KAYNAĞI
Özgün Kataloglama Kurumu TR-BiSEU
Kataloglama Dili tur
Çeviri Kurumu TR-BiSEU
Açıklama Kuralları rda
041 0# - DİL KODU
Metin ya da ses kaydının dil kodu tur
044 ## - YAYINLAYAN/ÜRETEN KURULUŞUN ÜLKE KODU
ISO country code tu
050 ## - SINIFLAMA ve YER NUMARASI
Sınıflama Numarası HG3881
Yer Numarası .S75 2012
100 1# - KİŞİ ADI
Yazar Adı (Kişi adı) Stiglitz, Joseph E..
245 1# - ESER ADI BİLDİRİMİ
Başlık Serbest düşüş :
Alt Eseradı vb. Amerika, serbest piyasalar ve dünya ekonomisinin çöküşü/
Sorumluluk Bildirimi Joseph E. Stiglitz ; Joseph E. Stiglitz ; çeviren Banu Özgün.
264 #1 - ÜRERİM, YAYIN, DAĞITIM ve TELİF BİLDİRİMİ
Yayın yeri İstanbul :
Yayınlayan Gündoğan
Yayın tarihi 2012
300 ## - FİZİKSEL TANIMLAMA
Sayfa, Cilt vb. 576 sayfa; 18 cm.
336 ## - İÇERİK TÜRÜ
Content type term metin
Content type code txt
Source rdacontent
337 ## - MEDYA TÜRÜ
Media type term aracısız
Media type code n
Source rdamedia
338 ## - TAŞIYICI TÜRÜ
Carrier type term cilt
Carrier type code nc
Source rdacarrier
490 1# - DİZİ BİLDİRİMİ
Dizi Bildirimi Gündoğan yayınları ;
Cilt Numarası 012.248.
490 1# - DİZİ BİLDİRİMİ
Dizi Bildirimi Sosyoloji-Ekonomi dizisi ;
Cilt Numarası 02.86.
490 1# - DİZİ BİLDİRİMİ
Dizi Bildirimi Hiperlink yayınları ;
Cilt Numarası 46
500 ## - GENEL NOT
Genel Not Dizin var.
650 #0 - KONU BAŞLIĞI EK GİRİŞ - KONU TERİMİ
Konusal terim veya coğrafi ad Ekonomik Kriz.
9 (RLIN) 74304
650 #0 - KONU BAŞLIĞI EK GİRİŞ - KONU TERİMİ
Konusal terim veya coğrafi ad Dünya Ekonomisi.
9 (RLIN) 76120
650 #0 - KONU BAŞLIĞI EK GİRİŞ - KONU TERİMİ
Konusal terim veya coğrafi ad ABD.
9 (RLIN) 80712
830 1# - SERİ EK GİRİŞİ - TEKBİÇİM ESER ADI
Tekbiçim Başlık Gündoğan yayınları ;
Volume number/sequential designation 012.248.
9 (RLIN) 13020
830 1# - SERİ EK GİRİŞİ - TEKBİÇİM ESER ADI
Tekbiçim Başlık Sosyoloji-Ekonomi dizisi ;
Volume number/sequential designation 02.86.
9 (RLIN) 80713
830 1# - SERİ EK GİRİŞİ - TEKBİÇİM ESER ADI
Tekbiçim Başlık Hiperlink yayınları ;
Volume number/sequential designation 46
9 (RLIN) 74563
942 ## - EK GİRİŞ ÖGELERİ (KOHA)
Source of classification or shelving scheme Library of Congress Classification
Koha item type Book
Holdings
Materyal Türü Kalıcı Konum Mevcut Konum Raf Yeri Sınıflandırma Kaynağı Edinim Bilgisi Ana Konular Alt Konular Yer Numarası Demirbaş Numarası Fatura Tarihi Maliyet, Alış Fiyatı Maliyet, Yenileme Fiyatı Geri Çekilme Durumu Kayıp Durumu Hasarlı Durumu Kredi için değil Kayıt Tarih Toplam Ödünçverme Son Görülme Tarihi Son Kontrol Tarihi Satın Alma Notu
Book Prof. Dr. Azmi Özcan Kütüphanesi Prof. Dr. Azmi Özcan Kütüphanesi Uluğbey Salonu Library of Congress Classification Satın SOSYAL BİLİMLER Finans HG3881 .S75 2012 0043313 24/09/2013 25.76 25.76         30/07/2013 13 05/12/2024 05/12/2024 73291-73383 (92 sayfa)